| 000 | 01919nam a2200349 a 4500 | ||
|---|---|---|---|
| 001 | ebr10194694 | ||
| 003 | CaPaEBR | ||
| 006 | m u | ||
| 007 | cr cn||||||||| | ||
| 008 | 061203s2007 ilua sb 001 0 eng | ||
| 010 | _z 2006039317 | ||
| 020 | _z9780838909317 (pbk. : alk. paper) | ||
| 020 | _z0838909310 (pbk. : alk. paper) | ||
| 040 |
_aCaPaEBR _cCaPaEBR |
||
| 035 | _a(OCoLC)434508649 | ||
| 043 | _an-us--- | ||
| 050 | 1 | 4 |
_aZ679.2.U54 _bM33 2007eb |
| 082 | 0 | 4 |
_a727/.8/0973 _222 |
| 100 | 1 |
_aMcCarthy, Richard C. _q(Richard Charles), _d1955- |
|
| 245 | 1 | 0 |
_aManaging your library construction project _h[electronic resource] : _ba step-by-step guide / _cRichard C. McCarthy. |
| 260 |
_aChicago : _bAmerican Library Association, _c2007. |
||
| 300 |
_aix, 172 p. : _bill. |
||
| 500 | _a"Published in previous editions by Highsmith Press as Designing better libraries : selecting and working with building professionals"--T.p. verso. | ||
| 504 | _aIncludes bibliographical references (p. 165) and index. | ||
| 505 | 0 | _aFirst things first -- When to use an architect -- Anatomy of a project -- Programming -- Site analysis -- Building design -- Construction documents -- Bidding -- Construction administration -- Postconstruction -- Finding, selecting, and hiring an architect -- Project delivery -- Sustainable design -- Project costs and building costs. | |
| 533 |
_aElectronic reproduction. _bPalo Alto, Calif. : _cebrary, _d2013. _nAvailable via World Wide Web. _nAccess may be limited to ebrary affiliated libraries. |
||
| 650 | 0 |
_aLibrary buildings _zUnited States _xDesign and construction. |
|
| 655 | 7 |
_aElectronic books. _2local |
|
| 700 | 1 |
_aMcCarthy, Richard C. _q(Richard Charles), _d1955- _tDesigning better libraries. |
|
| 710 | 2 | _aebrary, Inc. | |
| 856 | 4 | 0 |
_uhttp://site.ebrary.com/lib/rucke/Doc?id=10194694 _zAn electronic book accessible through the World Wide Web; click to view |
| 999 |
_c114076 _d114076 |
||